Statistics for Islam

Click here to take the quiz!

General Stats

  • This quiz has been taken 670 times
  • The average score is 9 of 15

Answer Stats

HintAnswer% Correct
Number of times praying every day.5
99%
Holiest city.Mecca
92%
Number of gods worshipped.1
84%
Original language holy book was written in.Arabic
81%
Long holiday including fasting until the evening.Ramadan
74%
Country of OriginSaudi Arabia
74%
Name of Islamic buildings where people pray.Mosque
73%
Title of followers of Islam.Muslims
64%
Name of the holy book.Koran
58%
Country with the most followers.Indonesia
38%
Most important religious figure.Mohammed
37%
Founded how long after Christianity?600
33%
The shape of the top of Islamic places of worship.Dome
33%
Rank in the world of numbers of followers2nd
20%
Number of followers.1.3 billion
4%

Score Distribution

Percentile by Number Answered

Percent of People with Each Score

Your Score History

You have not taken this quiz